000 01111nam a2200253Ia 4500
003 OSt
005 20220930094958.0
006 a|||||r|||| 00| 0
007 ta
008 220926b |||||||| |||| 00| 0 san d
024 _a62802
037 _cTheses
040 _aCRL
_cCRL
_bsan
041 _2san
_asan
100 _aगुप्ता, सीमा, ले.
110 _aदिल्ली विश्वविद्यालय. कला संकाय. संस्कृत विभाग
245 0 _aगोस्वामी हरिकृष्णशास्त्री विरचित आचार्यविजय का समीक्षात्मक अध्ययन
246 _aGoswāmī harikṛuṣhṇashāstrī virachit āchāryavijaya kā samīkṣhātmak adhyayana
260 _c2018
300 _a353पृ0
_ap.
_ccm.
700 _aदिल्ली विश्वविद्यालय. कला संकाय. संस्कृत विभाग
942 _cDIS
_2CC
999 _c888096
_d888096